| 000 | 00735cam a22002413a 4500 | ||
|---|---|---|---|
| 001 | 1396 | ||
| 003 | PGUSA | ||
| 005 | 20140828083000.0 | ||
| 008 | 060215s2006||||xxu|||||s|||||000 1 eng d | ||
| 040 |
_aPGUSA _beng |
||
| 042 | _adc | ||
| 050 | 4 | _aPR | |
| 100 | 1 |
_aLytton, Edward Bulwer Lytton, Baron, _d1803-1873 |
|
| 245 | 1 | 0 |
_aRienzi, the Last of the Roman Tribunes _h[electronic resource] / _cEdward Bulwer Lytton, Baron Lytton |
| 260 |
_bProject Gutenberg, _c2006 |
||
| 506 | _aPublic domain in the USA. | ||
| 516 | _aElectronic text | ||
| 653 | _aBiographical fiction | ||
| 653 | _aRienzo, Cola di, d. 1354 -- Fiction | ||
| 830 | 0 |
_aProject Gutenberg _v1396 |
|
| 856 | 4 | 0 | _uhttp://www.gutenberg.org/ebooks/1396 |
| 942 | _cEB | ||
| 999 |
_c230744 _d230744 |
||